[Event "127th NZ Congress 2020"]
[Site "Tauranga"]
[Date "2020.01.21"]
[Round "8.4"]
[White "Sandler, Leonid"]
[Black "Dive, Russell John"]
[Result "1/2-1/2"]
[WhiteElo "2226"]
[BlackElo "2283"]
[Annotator "TA"]
[PlyCount "30"]
[EventDate "2020.01.14"]
[EventType "swiss"]
[EventCountry "NZL"]
[SourceTitle "playchess.com"]
[Source "ChessBase"]
[SourceQuality "1"]

{[%evp 14,30,0,0,20,15,24,8,26,0,0,0,0,0,0,0,0,-8,0]} 1. d4 Nf6 2. Nf3 e6 3. Bg5 d5 4. e3 Be7 5. Nbd2 Nbd7 6. Bd3 h6 7. Bh4 c5 8. c3 a6 {D03: 1 d4 d5 2 Nf3 Nf6 3 Bg5, including Torre Attack with early ...d5} 9. O-O (9. a4 b6 10. O-O O-O 11. Ne5 Nxe5 12. dxe5 Nd7 13. Bg3 f6 14. exf6 Nxf6 15. e4 Qe8 16. Re1 {1-0 (34) Duda,J (2717)-Jumabayev,R (2612) Riadh 2017}) 9... O-O 10. Qe2 b6 11. e4 (11. Rad1 {with more complications.} c4 12. Bc2 Bb7 13. Ne5 b5 14. f4) 11... dxe4 {The position is equal.} 12. Nxe4 Bb7 13. Nxf6+ Bxf6 $146 ({Predecessor:} 13... Nxf6 14. dxc5 Bxc5 15. Rad1 Qe7 16. Bg3 b5 17. Rd2 Rfd8 18. Rfd1 Rd5 19. Bb1 Rad8 20. Rxd5 Rxd5 {½-½ (20) Mahoney,N (1753)-Bullock,L (1527) Coventry 2015}) 14. Bxf6 Qxf6 15. Be4 Bxe4 1/2-1/2

[Event "127th NZ Congress 2020"]
[Site "Tauranga"]
[Date "2020.01.21"]
[Round "8.5"]
[White "Clarke, Brandon G I"]
[Black "Smith, Robert W"]
[Result "1-0"]
[WhiteElo "2438"]
[BlackElo "2160"]
[Annotator "TA"]
[PlyCount "61"]
[EventDate "2020.01.14"]
[EventType "swiss"]
[EventCountry "NZL"]
[SourceTitle "playchess.com"]
[Source "ChessBase"]
[SourceQuality "1"]

{[%evp 11,61,10,29,23,27,27,31,16,9,19,18,-3,43,-8,16,-14,44,-57,-41,-56,89,66,111,83,100,104,160,129,167,158,210,154,206,216,208,202,450,444,452,445,427,429,542,541,518,517,437,428,29958,6379,6817,6615]} 1. e4 c6 2. d4 d5 3. e5 Bf5 4. Nf3 e6 5. Be2 Ne7 6. O-O h6 (6... c5 $5) 7. Nbd2 {B12: Caro-Kann: Advance Variation.} Nd7 8. Nb3 Qc7 9. Ne1 {White is slightly better.} c5 10. c3 Nc6 {[#]} 11. Be3 $146 ({Predecessor:} 11. f4 Be7 12. Be3 O-O-O 13. Bg4 g6 14. Bxf5 gxf5 15. Nxc5 Nxc5 16. dxc5 d4 17. cxd4 Nxd4 {½-½ (61) Koziol,K (2321)-Tomaszewski,K (2203) Suwalki 2017}) 11... g5 12. f4 (12. Nxc5 $14 Nxc5 13. dxc5) 12... gxf4 13. Rxf4 c4 ({Black should play} 13... O-O-O $11) 14. Nc1 (14. Nd2 $14) 14... Be7 $15 15. Nf3 Qd8 (15... O-O-O $1 $15 {keeps the upper hand.}) 16. b3 Nb6 17. a4 a5 18. Qf1 cxb3 (18... Rc8 $142) 19. Nxb3 $16 Rc8 20. Nc5 Qc7 (20... Bxc5 $16 {keeps fighting.} 21. dxc5 Nd7) 21. Bb5 Nd7 (21... Bxc5 $16 22. dxc5 Nc4) 22. Nxd7 $18 Qxd7 23. Nh4 Bg5 $2 {[#]} (23... Bxh4 {is a better defense.} 24. Rxh4 Qe7 25. Rxh6 Rxh6 26. Bxh6 Kd7) 24. Nxf5 exf5 25. Rf3 Bxe3+ 26. Rxe3 Rg8 {[#]} 27. e6 $1 {[%mdl 512]} fxe6 28. Qxf5 Kd8 29. Rxe6 {Black must now prevent Qf6+.} Qg7 (29... Re8 $18) 30. Qxd5+ {[%mdl 64] Double Attack} Kc7 31. Bxc6 {Accuracy: White = 83%, Black = 40%.} 1-0

[Event "127th NZ Congress 2020"]
[Site "Tauranga"]
[Date "2020.01.21"]
[Round "8.6"]
[White "Milligan, Helen"]
[Black "Van Riemsdijk, Herman C."]
[Result "0-1"]
[WhiteElo "1940"]
[BlackElo "2260"]
[Annotator "TA"]
[PlyCount "72"]
[EventDate "2020.01.14"]
[EventType "swiss"]
[EventCountry "NZL"]
[SourceTitle "playchess.com"]
[Source "ChessBase"]
[SourceQuality "1"]

{[%evp 18,122,-4,-4,0,-67,7,0,9,24,14,16,20,13,14,-6,-5,-10,-3,-31,-38,-42,0,-27,-20,-20,-19,-22,-22,-16,-10,-16,-16,-46,-41,-47,-43,-43,-47,-47,-42,-41,-38,-48,-37,-80,-77,-80,-62,-62,-62,-62,-62,-55,-54,-66,-54,-54,-54,-54,-54,-54,-54,-54,-54,-241,-197,-465,-446,-665,-645,-1478,-1405,-1604,-1566,-1496,-1213,-1460,-1206,-4606,-4602,-4181,-3794,-2027,-1735,-5528,-3994,-29963,-29967,-12796,-6228,-1464,-4618,-29995,-29988,-29991,-29992,-29992,-29993,-29993,-29992,-29993,-29993,-29993,-29994,-29994,-29995]} 1. e4 c5 2. Nf3 e6 3. d4 cxd4 4. Nxd4 Nf6 5. Bd3 Nc6 6. Be3 d5 7. Nxc6 bxc6 8. Nd2 Be7 9. c4 O-O 10. O-O e5 {B44: Sicilian: Taimanov: 5 Nb5} 11. Bg5 (11. exd5 $11 cxd5 12. cxd5) 11... dxe4 (11... d4 $15) 12. Nxe4 $11 Nxe4 {The position is equal.} 13. Bxe7 Qxe7 14. Bxe4 Bd7 $146 ({Predecessor:} 14... Qc5 15. Qf3 f5 16. Bc2 Be6 17. Rfe1 e4 18. Qc3 {0-1 (47) Wernik,R-Garcia,R Mar del Plata 1973}) 15. Qf3 Rac8 16. Bf5 (16. Rad1 {with more complications.} f5 17. Bc2 e4 18. Qf4 Be6 19. b3) 16... Bxf5 17. Qxf5 g6 18. Qc2 Rfd8 19. Rae1 Qc5 20. a3 a5 21. b4 axb4 22. axb4 Qxb4 23. Rxe5 Rd2 24. Qe4 Qd6 25. c5 Qf6 26. h3 Kg7 27. Qe3 Rcd8 28. Re8 Rxe8 29. Qxd2 $15 {[%mdl 4096] Endgame KQR-KQR} Rd8 30. Qe3 Qd4 31. Qe7 Rd5 32. Rc1 Rf5 33. Qe3 Qxe3 34. fxe3 {KR-KR} Kf6 35. Rc4 Ke6 36. g4 Re5 {Played: Rf5-f3} 0-1

[Event "127th NZ Congress 2020"]
[Site "Tauranga"]
[Date "2020.01.21"]
[Round "8.7"]
[White "Gong, Daniel Hanwen"]
[Black "Reilly, Tim"]
[Result "1/2-1/2"]
[WhiteElo "2276"]
[BlackElo "2098"]
[Annotator "ChessBase"]
[PlyCount "133"]
[EventDate "2020.01.14"]
[EventType "swiss"]
[EventCountry "NZL"]
[SourceTitle "playchess.com"]
[Source "ChessBase"]
[SourceQuality "1"]
[TimeControl "40/5400+30:1800+30"]

1. d4 {[%emt 0:00:00]} d6 {[%emt 0:00:00]} 2. e4 {[%emt 0:00:00]} Nf6 {[%emt 0:00:05]} 3. Nc3 {[%emt 0:00:00]} g6 {[%emt 0:00:07]} 4. Bf4 {[%emt 0:00:00]} a6 {[%emt 0:02:48]} 5. e5 {[%emt 0:02:30]} Nfd7 {[%emt 0:02:07]} 6. Nf3 {[%emt 0:01:10]} Bg7 {[%emt 0:01:08]} 7. Qd2 {[%emt 0:00:05]} c5 {[%emt 0:21:19]} 8. exd6 {[%emt 0:08:59]} O-O {[%emt 0:09:25]} 9. d5 {[%emt 0:05:02]} exd6 {[%emt 0:01:37]} 10. Be2 {[%emt 0:02:12]} Nf6 {[%emt 0:01:05]} 11. a4 {[%emt 0:01:02]} Bf5 {[%emt 0:01:42]} 12. O-O {[%emt 0:02:13]} Ne4 {[%emt 0:06:14]} 13. Nxe4 {[%emt 0:00:04]} Bxe4 {[%emt 0:00:06]} 14. Ng5 {[%emt 0:03:05]} Bf5 {[%emt 0:00:51]} 15. g4 {[%emt 0:00:30]} Bc8 {[%emt 0:01:05]} 16. Ne4 {[%emt 0:00:05]} f5 {[%emt 0:05:57]} 17. gxf5 {[%emt 0:01:29]} Bxf5 {[%emt 0:00:38]} 18. Nxd6 {[%emt 0:00:29]} Bh3 {[%emt 0:00:53]} 19. Rfb1 {[%emt 0:18:47]} Bd4 {[%emt 0:10:16]} 20. Bf1 {[%emt 0:01:57]} Qh4 {[%emt 0:03:45]} 21. Bg3 {[%emt 0:03:50]} Rxf2 {[%emt 0:04:51]} 22. Kh1 {[%emt 0:28:54]} Qh5 {[%emt 0:16:55]} 23. Qd3 {[%emt 0:00:22]} Qxd5+ {[%emt 0:00:11]} 24. Qe4 {[%emt 0:00:04]} Qxe4+ {[%emt 0:03:12]} 25. Nxe4 {[%emt 0:00:03]} Rxf1+ {[%emt 0:00:14]} 26. Rxf1 {[%emt 0:00:03]} Bxf1 {[%emt 0:00:07]} 27. Rxf1 {[%emt 0:00:01]} Nd7 {[%emt 0:03:11]} 28. c3 {[%emt 0:00:31]} Bg7 {[%emt 0:00:30]} 29. Rd1 {[%emt 0:00:05]} Re8 {[%emt 0:02:20]} 30. Rxd7 {[%emt 0:02:17]} Rxe4 {[%emt 0:00:05]} 31. Rxb7 {[%emt 0:00:03]} Rxa4 {[%emt 0:00:21]} 32. Kg2 {[%emt 0:00:35]} Ra5 {[%emt 0:00:50]} 33. Bd6 {[%emt 0:03:51]} c4 {[%emt 0:00:31]} 34. Kf3 {[%emt 0:03:50]} Bh6 {[%emt 0:00:40]} 35. Ke4 {[%emt 0:02:22]} Bg7 {[%emt 0:01:19]} 36. Rb4 {[%emt 0:00:51]} Ra2 {[%emt 0:00:47]} 37. Kd5 {[%emt 0:00:04]} Ra5+ {[%emt 0:00:37]} 38. Ke6 {[%emt 0:00:18]} h5 {[%emt 0:00:37]} 39. Rxc4 {[%emt 0:00:03]} Rb5 {[%emt 0:00:23]} 40. b4 {[%emt 0:00:00]} Kh7 {[%emt 0:00:00]} 41. Rc7 {[%emt 0:00:35]} Rb6 {[%emt 0:11:40]} 42. c4 {[%emt 0:01:00]} g5 {[%emt 0:01:00]} 43. Kd5 {[%emt 0:00:18]} Kg6 {[%emt 0:01:45]} 44. Kc5 {[%emt 0:00:11]} Bd4+ {[%emt 0:00:05]} 45. Kxd4 {[%emt 0:07:00]} Rxd6+ {[%emt 0:00:06]} 46. Kc5 {[%emt 0:02:14]} Rd2 {[%emt 0:06:04]} 47. Rc6+ {[%emt 0:00:03]} Kf5 {[%emt 0:00:08]} 48. Rxa6 {[%emt 0:00:02]} Rxh2 {[%emt 0:00:06]} 49. b5 {[%emt 0:00:23]} g4 {[%emt 0:00:25]} 50. b6 {[%emt 0:00:40]} Rb2 {[%emt 0:02:34]} 51. Ra5 {[%emt 0:00:57]} g3 {[%emt 0:00:57]} 52. Kc6+ {[%emt 0:00:22]} Kg4 {[%emt 0:00:37]} 53. Rb5 {[%emt 0:01:14]} Rf2 {[%emt 0:04:27]} 54. b7 {[%emt 0:06:29]} Rf8 {[%emt 0:00:21]} 55. b8=Q {[%emt 0:00:05]} Rxb8 {[%emt 0:00:04]} 56. Rxb8 {[%emt 0:00:04]} h4 {[%emt 0:01:36]} 57. Rg8+ {[%emt 0:11:47]} Kf3 {[%emt 0:02:44]} 58. Rf8+ {[%emt 0:01:15]} Kg2 {[%emt 0:00:37]} 59. c5 {[%emt 0:01:01]} h3 {[%emt 0:00:05]} 60. Kd7 {[%emt 0:00:31]} h2 {[%emt 0:00:07]} 61. Rh8 {[%emt 0:00:01]} h1=Q {[%emt 0:00:19]} 62. Rxh1 {[%emt 0:00:04]} Kxh1 {[%emt 0:00:05]} 63. c6 {[%emt 0:00:02]} g2 {[%emt 0:00:14]} 64. c7 {[%emt 0:00:05]} g1=Q {[%emt 0:00:05]} 65. c8=Q {[%emt 0:00:04]} Qg4+ {[%emt 0:00:06]} 66. Kc7 {[%emt 0:00:03]} Qxc8+ {[%emt 0:00:06]} 67. Kxc8 {[%emt 0:00:37]} 1/2-1/2

[Event "127th NZ Congress 2020"]
[Site "Tauranga"]
[Date "2020.01.21"]
[Round "8.8"]
[White "Garbett, Paul Anthony"]
[Black "Dowden, R.A. Tony"]
[Result "1-0"]
[WhiteElo "2185"]
[BlackElo "2056"]
[Annotator "TA"]
[PlyCount "39"]
[EventDate "2020.01.14"]
[EventType "swiss"]
[EventCountry "NZL"]
[SourceTitle "playchess.com"]
[Source "ChessBase"]
[SourceQuality "1"]

{[%evp 15,33,7,14,12,12,14,12,-13,-16,-9,131,140,150,125,110,136,513,494,531,508]} 1. e4 e6 2. d4 d5 3. Nd2 Nc6 4. Ngf3 Nf6 5. e5 Nd7 6. Nb3 a5 7. a4 Be7 8. Bb5 Na7 9. Bd3 {C04: French Tarrasch: 3...Nc6} (9. Be2 b6 10. O-O c5 11. Bf4 Bb7 12. Qd2 h6 13. c3 Qc8 14. dxc5 Nxc5 15. Nbd4 Ba6 16. Qe3 Bxe2 17. Nxe2 {0-1 (49) Korneev,O (2580)-Bortnyk,O (2567) Tashkent 2017}) 9... b6 {[%cal Bb7b6,Bb6c5][%mdl 32]} 10. O-O c5 {[#] Strongly threatening ...c4.} 11. dxc5 {The position is equal.} bxc5 {And now ...c4 would win.} 12. c4 Nc6 (12... Bb7 $11) 13. cxd5 $16 exd5 14. Bb5 $1 $36 {[%csl LRc6,LRd5][%mdl 2048] White is really pushing.} Nb4 15. Bd2 {Threatens to win with Bxb4.} Bb7 $2 {[%mdl 8192] [#]} (15... O-O $16 {is tougher.}) 16. e6 $1 $18 {[%mdl 512]} fxe6 {White should prevent ...0-0.} 17. Ne5 {Predecessor:} Qc7 $146 18. Bxd7+ Kd8 19. Bf4 Bd6 20. Bg5+ {Played: Ne5-f7} 1-0

[Event "127th NZ Congress 2020"]
[Site "Tauranga"]
[Date "2020.01.21"]
[Round "8.10"]
[White "Cilia Vincenti, David"]
[Black "Pinic, Noel"]
[Result "0-1"]
[WhiteElo "2070"]
[BlackElo "2054"]
[Annotator "NA RC"]
[PlyCount "96"]
[EventDate "2020.01.14"]
[EventType "swiss"]
[EventCountry "NZL"]
[SourceTitle "playchess.com"]
[Source "ChessBase"]
[SourceQuality "1"]
[TimeControl "40/5400+30:1800+30"]

{[%evp 15,83,0,0,0,32767,32767,32767,32767,32767,32767,32767,-47,6,0,0,12,0,0,22,27,22,-5,35,-61,-34,-44,-23,-34,-8,-12,0,10,-2,-24,-19,-25,72,0,0,0,-7,-76,-82,-264,-52,-57,-83,-59,-71,-79,-54,-67,-64,-85,-52,-161,-156,-280,-171,-203,-158,-759,32767,32767,-661,32767,32767,32767,32767,-714]} 1. d4 {[%emt 0:00:44]} Nc6 {[%emt 0:00:00]} 2. c4 {[%emt 0:00:11]} e5 {[%emt 0:00:00]} 3. d5 {[%emt 0:00:16]} Nce7 {[%emt 0:00:02]} 4. Nc3 {[%emt 0:00:17]} Nf6 {[%emt 0:00:16]} 5. e4 {[%emt 0:00:20]} Ng6 {[%emt 0:00:04]} 6. g3 {[%emt 0:00:35]} Bc5 {[%emt 0:00:21] A50: Queen's Fianchetto Defence (1 d4 Nf6 2 c4 b6)} 7. Bg2 {[%emt 0:04:49]} O-O {[%emt 0:01:27]} (7... a6 8. Nge2 O-O 9. O-O d6 10. Qd3 Bd7 11. a3 Qc8 12. b4 Ba7 13. Be3 Bxe3 14. Qxe3 {½-½ (48) Livaic,L (2436)-Tomazini,Z (2411) Slovenia 2016}) 8. h3 {[%emt 0:02:04]} d6 {[%emt 0:00:23]} 9. Nge2 {[%emt 0:00:28]} a5 {[%emt 0:00:53]} 10. O-O {[%emt 0:00:47]} Bd7 {[%emt 0:00:10]} 11. Kh2 $146 {[%emt 0:01:08]} ({Predecessor:} 11. Bd2 Qe7 12. Nc1 h6 13. Nd3 {1-0 (44) Michenka,J (2300)-Novak,I (2300) Czechoslovakia 1991}) 11... h5 {[%emt 0:01:43]} 12. Qc2 {[%emt 0:20:16]} h4 {[%emt 0:04:12]} 13. Nd1 {[%emt 0:06:04]} Nh5 {[%emt 0:06:02]} 14. Be3 {[%emt 0:10:04]} Bxe3 {[%emt 0:01:03]} 15. Nxe3 {[%emt 0:00:30]} Qg5 {[%emt 0:00:28]} 16. Nf5 {[%emt 0:04:52]} Bxf5 {[%emt 0:04:49]} 17. exf5 {[%emt 0:00:10]} Ne7 {[%emt 0:00:32]} 18. Be4 {[%emt 0:02:29]} g6 {[%emt 0:01:09]} 19. gxh4 {[%emt 0:12:27]} (19. g4 $1 $14 Nf6 20. Rae1) 19... Qxh4 {[%emt 0:00:22]} 20. Rg1 $1 {[%emt 0:00:21]} Nf4 {[%emt 0:03:26]} 21. Nxf4 {[%emt 0:00:48]} Qxf4+ {[%emt 0:00:07] Double Attack} 22. Rg3 {[%emt 0:01:19]} Kg7 {[%emt 0:00:12]} 23. Rag1 {[%emt 0:01:59]} Rh8 {[%emt 0:00:13]} 24. Kg2 {[%emt 0:03:39]} Rh4 {[%emt 0:02:36]} 25. Re1 {[%emt 0:11:03]} Rah8 {[%emt 0:04:20]} (25... Kh6 $11 {keeps the balance.}) 26. Ree3 {[%emt 0:04:36]} R8h5 {[%emt 0:06:49]} 27. Rgf3 {[%emt 0:02:50]} Qg5+ $1 {[%emt 0:00:09]} 28. Kf1 {[%emt 0:01:48]} (28. Rg3 $11 Qf6 29. fxg6) 28... Rf4 {[%emt 0:05:02]} ({Avoid the trap} 28... Nxf5 $2 29. Bxf5 Rf4 30. Bg4 $18) ({But not} 28... gxf5 $6 29. Rg3 $11) 29. Rg3 $2 {[%emt 0:02:30]} (29. fxg6 $17 {was necessary.} fxg6 30. c5) 29... Qh4 $2 {[%emt 0:01:24]} (29... Nxf5 $19 30. Bxf5 Qxf5) 30. fxg6 {[%emt 0:01:29]} f5 {[%emt 0:00:52]} 31. Bd3 {[%emt 0:01:26]} Rg5 {[%emt 0:01:24]} 32. Kg2 {[%emt 0:00:33]} Nxg6 {[%emt 0:02:23]} 33. Rxg5 {[%emt 0:01:17]} Qxg5+ {[%emt 0:00:04]} 34. Rg3 {[%emt 0:00:10]} Qf6 {[%emt 0:03:30]} 35. Qd2 {[%emt 0:00:54]} (35. c5 $15) 35... b6 {[%emt 0:01:10]} 36. Qe2 {[%emt 0:01:08]} (36. Kf1 $17) 36... Qh4 {[%emt 0:01:03]} (36... e4 $142 37. Bc2 Qxb2) 37. Qc2 {[%emt 0:00:29]} Kf6 {[%emt 0:00:16]} 38. Qa4 $2 {[%emt 0:01:05] [#]} (38. Bf1 $17) 38... Rxf2+ $1 {[%emt 0:04:00] Clearance} 39. Kxf2 {[%emt 0:00:16]} f4 {[%emt 0:00:16] Pin} 40. Bxg6 {[%emt 0:00:00]} Qxg3+ {[%emt 0:00:00]} 41. Ke2 {[%emt 0:01:25]} Qg2+ {[%emt 0:03:41]} 42. Kd1 $19 {[%emt 0:04:46]} Qf3+ {[%emt 0:01:47]} 43. Kc2 {[%emt 0:02:33]} Kxg6 {[%emt 0:01:26]} 44. Qe8+ {[%emt 0:00:20]} Kf5 {[%emt 0:00:17]} 45. Qf7+ {[%emt 0:04:23]} Ke4 {[%emt 0:00:09]} 46. Qxc7 {[%emt 0:00:57]} Qe2+ {[%emt 0:01:14]} 47. Kb3 {[%emt 0:00:25]} f3 {[%emt 0:03:14]} 48. Qxd6 {[%emt 0:01:39]} Qd3+ {[%emt 0:00:28]} 0-1

[Event "127th NZ Congress 2020"]
[Site "Tauranga"]
[Date "2020.01.22"]
[Round "9.1"]
[White "Fernandez, Daniel Howard"]
[Black "Ker, Anthony F"]
[Result "1-0"]
[WhiteElo "2451"]
[BlackElo "2302"]
[Annotator "TA"]
[PlyCount "169"]
[EventDate "2020.01.14"]
[EventType "swiss"]
[EventCountry "NZL"]
[SourceTitle "playchess.com"]
[Source "ChessBase"]
[SourceQuality "1"]

{[%evp 9,169,-18,-9,5,0,-19,-2,2,30,16,20,16,41,26,70,62,64,15,43,47,40,37,59,58,212,210,217,125,125,125,135,132,135,119,132,119,133,149,161,140,131,131,137,125,137,119,119,120,125,116,117,89,125,106,174,128,135,101,193,175,173,147,164,156,147,191,191,187,192,118,242,237,226,108,118,37,354,176,176,118,118,118,218,211,150,118,178,145,145,145,145,145,186,56,145,104,145,72,72,72,72,43,72,72,72,72,88,76,88,84,458,95,88,95,95,95,95,88,88,88,88,88,88,88,88,88,88,84,84,84,102,102,29959,5608,29966,29967,29969,29971,29970,29968,29972,29973,29977,29973,29973,29974,29974,29975,29976,29977,29977,29978,29978,29979,29979,29979,29980,29981,29981,29982,29982,29982]} 1. e4 c5 2. Nf3 g6 3. h3 (3. c3 d5 4. e5 Nc6 5. d4 cxd4 6. cxd4 Bg4 7. Bb5 Qb6 8. Bxc6+ bxc6 9. Nbd2 Qa6 10. Qe2 Qxe2+ 11. Kxe2 a5 12. h3 Bc8 13. Nb3 Ba6+ 14. Kd1 {½-½ (43) Wang,H (2756)-Duda,J (2758) Moscow 2019}) 3... Bg7 4. c3 d5 5. Bb5+ $146 ({Predecessor:} 5. exd5 Qxd5 6. Na3 Nf6 7. Bc4 Qe4+ 8. Be2 O-O 9. O-O Nc6 10. d3 Qf5 11. Nc4 Nd5 12. Ne3 {½-½ (12) Savic,M (2503)-Saric,I (2555) Tuzla 2019}) 5... Bd7 6. Bxd7+ {B27: Sicilian: 2 Nf3, unusual Black 2nd moves} Qxd7 7. d3 dxe4 8. dxe4 {The position is equal.} Qxd1+ 9. Kxd1 Nf6 10. Re1 Nc6 11. Kc2 e6 12. Bf4 Nd7 13. e5 h6 14. Nbd2 g5 15. Bh2 Ke7 16. a4 f6 $2 (16... Rhd8 $14) 17. exf6+ $18 Nxf6 18. Ne4 (18. Re2 $18) 18... Nxe4 $16 19. Rxe4 Rhe8 20. h4 gxh4 21. Rae1 Kf7 22. Rxh4 Rad8 23. Bf4 Kg6 24. Rg4+ Kf7 25. Nd2 e5 26. Bg3 Re6 27. Nc4 a6 28. a5 Bf6 29. Rge4 Rg8 30. Kb3 Rg6 31. Rd1 Bg7 (31... Bd8 $16) 32. Rd5 Bf8 33. Re3 (33. Bxe5 Rxg2 34. Rf4+ Kg8 $16) 33... Rgf6 (33... Kg8 $16 {might work better.} 34. Re4 (34. Nxe5 Rg7 $16) 34... Re8) 34. Nxe5+ Nxe5 35. Rdxe5 Rxe5 36. Rxe5 $18 {[%mdl 4096] Endgame KRB-KRB} ({Weaker is} 36. Bxe5 Rxf2 37. g4 Be7 $11) 36... Bd6 37. Rd5 Bxg3 38. fxg3 {KR-KR} b6 39. Kc4 (39. Ka3 $18) 39... Ke7 (39... bxa5 $16 40. Rxc5 (40. Kxc5 Rf2 $16) 40... a4) 40. axb6 $1 Rxb6 41. b3 ({Not} 41. Kxc5 Rxb2 42. c4 Rxg2 $14) (41. Rd2 $18 {has better winning chances.}) 41... Rg6 $16 42. Rxc5 (42. Rd3 $1 $16) 42... Kd6 $2 {[%mdl 8192]} (42... Rg4+ $14 43. Kd5 Kd7) 43. b4 (43. Kb4 $142) 43... Kd7 $18 44. Ra5 ({White should play} 44. Rh5 $18) 44... Kc7 $16 45. Rh5 Kb7 (45... Rxg3 $16 46. Rxh6 Rg4+ 47. Kc5 Rg5+ 48. Kd4 Rg4+ 49. Kd3 Rg3+ 50. Kc4 Rg4+ 51. Kb3 Kb7) 46. Rh3 $18 Kb6 47. Kb3 a5 (47... h5 $16 48. c4 (48. Rxh5 Rxg3 49. Rh6+ Kb7 $18) 48... Rg4 49. Rxh5 Rxg3+ 50. Ka4 Rxg2 51. Rh6+ Kb7) 48. c4 {Strongly threatening b5.} axb4 49. Kxb4 Kc6 50. Kc3 Kc5 51. Rh5+ (51. Kd3 $1 $18) 51... Kc6 ({Black should try} 51... Kd6 $1 $14) 52. Kd4 $1 $16 Kd6 53. Ke3 (53. Rh4 $142) 53... Rxg3+ 54. Kf2 Rg6 55. g3 Kc7 56. Kf3 Rc6 57. c5 Kd7 58. Kf4 Rf6+ 59. Rf5 Rc6 $2 {[%mdl 8192]} (59... Rg6 $16 {is tougher.}) 60. Kg4 $2 (60. Rd5+ $18 Kc7 61. Kf5) 60... Ke6 61. Rh5 $1 {[%cal Rh5h6]} Ke7 62. Re5+ Kf6 63. Rd5 {Hoping for Rd6+.} Ke7 64. Kh5 $1 Kf7 65. g4 Ke7 66. Kh4 Kf7 67. Kg3 Ke7 68. Kf4 Rf6+ 69. Rf5 {Black must now prevent Rxf6.} Rc6 70. Re5+ Kf7 $2 {[%mdl 8192]} (70... Kd7 $16 71. Kg3 Ra6) 71. Ke3 Rg6 {[#]} 72. Re4 $1 {White mates.} Rg5 {[#]} 73. Kd4 $1 Kf6 74. Kc4 h5 75. gxh5 Rxh5 76. Kb5 Kf5 77. Re8 Rh1 78. c6 Rb1+ 79. Ka6 Ra1+ 80. Kb7 Rb1+ 81. Kc8 Kf6 82. c7 Rb2 83. Kd7 Rd2+ 84. Kc6 Rc2+ 85. Kb6 {Accuracy: White = 58%, Black = 38%.} 1-0

[Event "127th NZ Congress 2020"]
[Site "Tauranga"]
[Date "2020.01.22"]
[Round "9.2"]
[White "Van Riemsdijk, Herman C."]
[Black "Papin, Vasily"]
[Result "1/2-1/2"]
[WhiteElo "2260"]
[BlackElo "2481"]
[Annotator "TA"]
[PlyCount "37"]
[EventDate "2020.01.14"]
[EventType "swiss"]
[EventCountry "NZL"]
[SourceTitle "playchess.com"]
[Source "ChessBase"]
[SourceQuality "1"]

{[%evp 18,20,25,16,32]} 1. e4 c5 2. Nf3 e6 3. d4 cxd4 4. Nxd4 Nc6 5. Nxc6 bxc6 6. Bd3 Nf6 7. O-O d5 8. Nd2 Be7 9. b3 O-O 10. Bb2 a5 {B40: Sicilian: 2...e6, Unusual lines} {Predecessor:} 11. a4 $146 Ba6 12. Bxa6 Rxa6 13. Qe2 Ra8 14. Rad1 Qb6 15. Kh1 Rad8 16. e5 Nd7 17. f4 c5 18. f5 exf5 19. Rxf5 {0-1 (35) Malakhov,V (2732)-Wang,H (2724) Ningbo 2010} 1/2-1/2

[Event "127th NZ Congress 2020"]
[Site "Tauranga"]
[Date "2020.01.22"]
[Round "9.3"]
[White "Johansen, Darryl K"]
[Black "Clarke, Brandon G I"]
[Result "1/2-1/2"]
[WhiteElo "2371"]
[BlackElo "2438"]
[Annotator "TA"]
[PlyCount "44"]
[EventDate "2020.01.14"]
[EventType "swiss"]
[EventCountry "NZL"]
[SourceTitle "playchess.com"]
[Source "ChessBase"]
[SourceQuality "1"]

{[%evp 14,15,14,3]} 1. Nf3 Nf6 2. c4 g6 3. Nc3 Bg7 4. g3 O-O 5. Bg2 d6 6. O-O e5 7. d3 Nc6 8. Rb1 {Predecessor:} a5 $146 9. a3 h6 10. b4 axb4 11. axb4 Bf5 12. b5 Ne7 13. Bb2 Qd7 14. Ra1 Bh3 15. Qc2 Nh5 16. e3 Bxg2 17. Kxg2 Rab8 18. d4 exd4 19. Nxd4 Rfe8 20. Rad1 Nf6 21. Nce2 c6 22. Nf4 d5 {1-0 (50) Alekseev,E (2620)-Kovalev,V (2662) Moscow 2019} 1/2-1/2

[Event "127th NZ Congress 2020"]
[Site "Tauranga"]
[Date "2020.01.22"]
[Round "9.4"]
[White "Polishchuk, Kirill"]
[Black "Sandler, Leonid"]
[Result "1/2-1/2"]
[WhiteElo "2151"]
[BlackElo "2226"]
[Annotator "TA"]
[PlyCount "37"]
[EventDate "2020.01.14"]
[EventType "swiss"]
[EventCountry "NZL"]
[SourceTitle "playchess.com"]
[Source "ChessBase"]
[SourceQuality "1"]

{[%evp 9,37,-18,-14,-18,-28,-68,-66,-73,-20,-49,-54,-82,-81,-72,-70,-89,-77,-82,-73,-87,-86,-96,-71,-82,-38,-53,-39,-44,-27,-23]} 1. e4 c5 2. Nc3 e6 3. f4 a6 4. Nf3 Nc6 {[%cal Bb8c6,Bc6d4,Bd4f3][%mdl 32]} 5. Be2 d5 (5... Qc7 6. d3 b5 7. O-O d6 8. f5 Nf6 9. fxe6 fxe6 10. e5 dxe5 11. Ng5 Be7 12. Bh5+ g6 13. Bg4 {0-1 (47) Pastar,S (2230)-Bokros,A (2483) Novi Sad 2017}) 6. exd5 {B23: Closed Sicilian: Lines without g3} exd5 7. O-O Nf6 8. Ne5 {Black is slightly better.} Be7 (8... Nd4 $17) 9. Bf3 Nd4 10. Ne2 Nxf3+ 11. Rxf3 O-O 12. d3 Ng4 $146 ({Predecessor:} 12... Ne8 13. Rf1 {0-1 (40) Desboeufs,A (2052)-Riff,V (2269) St Chely d'Aubrac 2005}) 13. d4 f6 14. Nd3 c4 15. Nf2 Nxf2 16. Rxf2 Bg4 17. h3 Bxe2 18. Qxe2 Qd7 19. f5 1/2-1/2